<?xml version="1.0" encoding="UTF-8"?>
<record
    xmlns:xsi="http://www.w3.org/2001/XMLSchema-instance"
    xsi:schemaLocation="http://www.loc.gov/MARC21/slim http://www.loc.gov/standards/marcxml/schema/MARC21slim.xsd"
    xmlns="http://www.loc.gov/MARC21/slim">

  <leader>01792nam a22002897a 4500</leader>
  <controlfield tag="001">3632</controlfield>
  <controlfield tag="003">FISKH</controlfield>
  <controlfield tag="005">20250530113530.0</controlfield>
  <controlfield tag="008">240401b        cb ||||| |||| 00| 0 eng d</controlfield>
  <datafield tag="020" ind1=" " ind2=" ">
    <subfield code="a">9789995054663</subfield>
  </datafield>
  <datafield tag="040" ind1=" " ind2=" ">
    <subfield code="a">FISKH</subfield>
    <subfield code="b">khr </subfield>
    <subfield code="c">FISKH</subfield>
    <subfield code="d">FISKH</subfield>
  </datafield>
  <datafield tag="050" ind1=" " ind2=" ">
    <subfield code="a">PZ7 </subfield>
  </datafield>
  <datafield tag="082" ind1=" " ind2=" ">
    <subfield code="a">920</subfield>
  </datafield>
  <datafield tag="100" ind1=" " ind2=" ">
    <subfield code="a">Labb&#xE9;, Brigitte.</subfield>
  </datafield>
  <datafield tag="245" ind1=" " ind2=" ">
    <subfield code="a">&#x200B;&#x1781;&#x17D2;&#x1789;&#x17BB;&#x17C6;&#x1785;&#x1784;&#x17CB;&#x178A;&#x17B9;&#x1784;&#x1787;&#x17B8;&#x179C;&#x17B7;&#x178F;&#x179A;&#x1794;&#x179F;&#x17CB;... &#x1782;&#x1793;&#x17D2;&#x1792;&#x17B8; /</subfield>
    <subfield code="c">&#x1793;&#x17B7;&#x1796;&#x1793;&#x17D2;&#x1792;&#x178A;&#x17C4;&#x1799; Brigitte Labb&#xE9; &#x1793;&#x17B7;&#x1784; Michel Puech &#x179A;&#x17BC;&#x1794;&#x1797;&#x17B6;&#x1796;&#x178A;&#x17C4;&#x1799; Jean-Pierre Joblin.</subfield>
  </datafield>
  <datafield tag="260" ind1=" " ind2=" ">
    <subfield code="a">Phnom Penh : </subfield>
    <subfield code="b">Sipar, </subfield>
    <subfield code="c">2007.</subfield>
  </datafield>
  <datafield tag="300" ind1=" " ind2=" ">
    <subfield code="a">44 pages : </subfield>
    <subfield code="b">color illustrations ; </subfield>
    <subfield code="c">20 cm </subfield>
  </datafield>
  <datafield tag="500" ind1=" " ind2=" ">
    <subfield code="a">&#x1785;&#x17D2;&#x1794;&#x17B6;&#x1794;&#x17CB;&#x178A;&#x17BE;&#x1798;&#x1794;&#x17B6;&#x1793;&#x178F;&#x17D2;&#x179A;&#x17BC;&#x179C;&#x1794;&#x17C4;&#x17C7;&#x1796;&#x17BB;&#x1798;&#x17D2;&#x1796;&#x1795;&#x17D2;&#x179F;&#x17B6;&#x1799;&#x1780;&#x17D2;&#x179A;&#x17C4;&#x1798;&#x1785;&#x17C6;&#x178E;&#x1784;&#x1787;&#x17BE;&#x1784;&#x1790;&#x17B6; Gandhi c 2006 &#xC9;dition Milan</subfield>
  </datafield>
  <datafield tag="520" ind1=" " ind2=" ">
    <subfield code="a">&#x1787;&#x1793;&#x1787;&#x17B6;&#x178F;&#x17B7;&#x17A5;&#x178E;&#x17D2;&#x178C;&#x17B6;&#x17A0;&#x17C5;&#x1782;&#x17B6;&#x178F;&#x17CB;&#x1790;&#x17B6;&#x1798;&#x17A0;&#x17B6;&#x178F;&#x17D2;&#x1798;&#x17C8; &#x178A;&#x17C2;&#x179B;&#x1798;&#x17B6;&#x1793;&#x1793;&#x17D0;&#x1799;&#x1790;&#x17B6;&#x179C;&#x17B7;&#x1789;&#x17D2;&#x1789;&#x17B6;&#x178E;&#x178A;&#x17CD;&#x17A7;&#x178F;&#x17D2;&#x178A;&#x1798;&#x17D4; &#x1782;&#x17B6;&#x178F;&#x17CB;&#x1794;&#x17B6;&#x1793;&#x1794;&#x1784;&#x17D2;&#x17A0;&#x17B6;&#x1789;&#x178A;&#x179B;&#x17CB;&#x1798;&#x1793;&#x17BB;&#x179F;&#x17D2;&#x179F;&#x179A;&#x17B6;&#x179B;&#x17CB;&#x179A;&#x17BC;&#x1794; &#x1793;&#x17BC;&#x179C;&#x17A2;&#x17C6;&#x178E;&#x17B6;&#x1785;&#x1793;&#x17C3;&#x1780;&#x17C6;&#x179B;&#x17B6;&#x17C6;&#x1784;&#x1781;&#x17B6;&#x1784;&#x1780;&#x17D2;&#x1793;&#x17BB;&#x1784;&#x1781;&#x17D2;&#x179B;&#x17BD;&#x1793;&#x179A;&#x1794;&#x179F;&#x17CB;&#x1798;&#x1793;&#x17BB;&#x179F;&#x17D2;&#x179F;&#x1798;&#x17D2;&#x1793;&#x17B6;&#x1780;&#x17CB;&#x17D7; &#x1793;&#x17C4;&#x17C7;&#x1787;&#x17B6;&#x1780;&#x17C6;&#x179B;&#x17B6;&#x17C6;&#x1784;&#x17A2;&#x17A0;&#x17B7;&#x1784;&#x17D2;&#x179F;&#x17B6;&#x1798;&#x17BD;&#x1799;&#x178A;&#x17C1;&#x179B;&#x17A2;&#x17B6;&#x1785;&#x1795;&#x17D2;&#x179B;&#x17B6;&#x179F;&#x17CB;&#x1794;&#x17D2;&#x178A;&#x17BC;&#x179A;&#x1796;&#x17B7;&#x1797;&#x1796;&#x179B;&#x17C4;&#x1780;&#x17D4; </subfield>
  </datafield>
  <datafield tag="520" ind1=" " ind2=" ">
    <subfield code="a">The Indians call him Mahatma, which means the Supreme Spirit. He showed everyone the power of each person's inner strength, a non-violent force that can change the world.</subfield>
  </datafield>
  <datafield tag="650" ind1=" " ind2=" ">
    <subfield code="a">&#x17A2;&#x17A0;&#x17B7;&#x1784;&#x17D2;&#x179F;&#x17B6; </subfield>
    <subfield code="x">&#x1798;&#x17A0;&#x17B6;&#x178F;&#x17D2;&#x1798;&#x17C8;</subfield>
  </datafield>
  <datafield tag="650" ind1=" " ind2=" ">
    <subfield code="a">Non-violence </subfield>
    <subfield code="x">Mahatma Gandhi</subfield>
  </datafield>
  <datafield tag="700" ind1=" " ind2=" ">
    <subfield code="a">Puech, Michel </subfield>
    <subfield code="e">Author </subfield>
  </datafield>
  <datafield tag="700" ind1=" " ind2=" ">
    <subfield code="a">Joblin, Jean-Pierre</subfield>
    <subfield code="e">illustrator</subfield>
  </datafield>
  <datafield tag="942" ind1=" " ind2=" ">
    <subfield code="2">ddc</subfield>
    <subfield code="c">KHB</subfield>
    <subfield code="n">0</subfield>
  </datafield>
  <datafield tag="999" ind1=" " ind2=" ">
    <subfield code="c">3632</subfield>
    <subfield code="d">3632</subfield>
  </datafield>
  <datafield tag="952" ind1=" " ind2=" ">
    <subfield code="0">0</subfield>
    <subfield code="1">0</subfield>
    <subfield code="2">ddc</subfield>
    <subfield code="4">0</subfield>
    <subfield code="7">0</subfield>
    <subfield code="8">KHMERNF</subfield>
    <subfield code="a">001</subfield>
    <subfield code="b">001</subfield>
    <subfield code="c">OKHR</subfield>
    <subfield code="d">2024-04-01</subfield>
    <subfield code="l">0</subfield>
    <subfield code="o">LAB 920 PZ7 </subfield>
    <subfield code="p">FISTK03746</subfield>
    <subfield code="r">2024-04-01 11:03:31</subfield>
    <subfield code="t">1</subfield>
    <subfield code="w">2024-04-01</subfield>
    <subfield code="y">KHB</subfield>
  </datafield>
  <datafield tag="952" ind1=" " ind2=" ">
    <subfield code="0">0</subfield>
    <subfield code="1">0</subfield>
    <subfield code="2">ddc</subfield>
    <subfield code="4">0</subfield>
    <subfield code="7">0</subfield>
    <subfield code="8">KHMERNF</subfield>
    <subfield code="a">001</subfield>
    <subfield code="b">001</subfield>
    <subfield code="c">OKHR</subfield>
    <subfield code="d">2024-04-01</subfield>
    <subfield code="l">0</subfield>
    <subfield code="o">LAB 920 PZ7 </subfield>
    <subfield code="p">FISTK03745</subfield>
    <subfield code="r">2024-04-01 11:03:58</subfield>
    <subfield code="t">2</subfield>
    <subfield code="w">2024-04-01</subfield>
    <subfield code="y">KHB</subfield>
  </datafield>
  <datafield tag="952" ind1=" " ind2=" ">
    <subfield code="0">0</subfield>
    <subfield code="1">0</subfield>
    <subfield code="2">ddc</subfield>
    <subfield code="4">0</subfield>
    <subfield code="7">0</subfield>
    <subfield code="8">KHMERNF</subfield>
    <subfield code="a">001</subfield>
    <subfield code="b">001</subfield>
    <subfield code="c">SKB</subfield>
    <subfield code="d">2024-04-01</subfield>
    <subfield code="l">1</subfield>
    <subfield code="o">LAB 920 PZ7 </subfield>
    <subfield code="p">FISSE02311</subfield>
    <subfield code="r">2025-03-11 17:01:57</subfield>
    <subfield code="s">2025-03-11</subfield>
    <subfield code="t">3</subfield>
    <subfield code="w">2024-04-01</subfield>
    <subfield code="y">KHB</subfield>
  </datafield>
  <datafield tag="952" ind1=" " ind2=" ">
    <subfield code="0">0</subfield>
    <subfield code="1">0</subfield>
    <subfield code="2">ddc</subfield>
    <subfield code="4">0</subfield>
    <subfield code="7">0</subfield>
    <subfield code="8">KHMERNF</subfield>
    <subfield code="a">002</subfield>
    <subfield code="b">002</subfield>
    <subfield code="c">TTP Khmer</subfield>
    <subfield code="d">2024-04-01</subfield>
    <subfield code="l">1</subfield>
    <subfield code="o">LAB 920 PZ7 </subfield>
    <subfield code="p">FIS04130</subfield>
    <subfield code="r">2025-03-11 17:01:27</subfield>
    <subfield code="s">2025-03-11</subfield>
    <subfield code="t">4</subfield>
    <subfield code="w">2024-04-01</subfield>
    <subfield code="y">KHB</subfield>
  </datafield>
  <datafield tag="952" ind1=" " ind2=" ">
    <subfield code="0">0</subfield>
    <subfield code="1">0</subfield>
    <subfield code="2">ddc</subfield>
    <subfield code="4">0</subfield>
    <subfield code="7">0</subfield>
    <subfield code="8">KHMERNF</subfield>
    <subfield code="a">002</subfield>
    <subfield code="b">002</subfield>
    <subfield code="c">TTP Khmer</subfield>
    <subfield code="d">2025-04-01</subfield>
    <subfield code="l">0</subfield>
    <subfield code="o">LAB 920 PZ7 </subfield>
    <subfield code="p">FISSE02455</subfield>
    <subfield code="r">2025-04-01 11:43:39</subfield>
    <subfield code="t">5</subfield>
    <subfield code="w">2025-04-01</subfield>
    <subfield code="y">KHB</subfield>
  </datafield>
  <datafield tag="952" ind1=" " ind2=" ">
    <subfield code="0">0</subfield>
    <subfield code="1">0</subfield>
    <subfield code="2">ddc</subfield>
    <subfield code="4">0</subfield>
    <subfield code="7">0</subfield>
    <subfield code="8">KHMERNF</subfield>
    <subfield code="a">002</subfield>
    <subfield code="b">002</subfield>
    <subfield code="c">SKB</subfield>
    <subfield code="d">2025-04-01</subfield>
    <subfield code="l">0</subfield>
    <subfield code="o">LAB 920 PZ7 </subfield>
    <subfield code="p">FISSE02310</subfield>
    <subfield code="r">2025-04-01 11:44:54</subfield>
    <subfield code="t">6</subfield>
    <subfield code="w">2025-04-01</subfield>
    <subfield code="y">KHB</subfield>
  </datafield>
  <datafield tag="952" ind1=" " ind2=" ">
    <subfield code="0">0</subfield>
    <subfield code="1">0</subfield>
    <subfield code="2">ddc</subfield>
    <subfield code="4">0</subfield>
    <subfield code="7">0</subfield>
    <subfield code="8">KHMERNF</subfield>
    <subfield code="a">002</subfield>
    <subfield code="b">001</subfield>
    <subfield code="c">TTP Khmer</subfield>
    <subfield code="d">2025-04-01</subfield>
    <subfield code="l">1</subfield>
    <subfield code="m">1</subfield>
    <subfield code="o">LAB 920 PZ7 </subfield>
    <subfield code="p">FISSE02312</subfield>
    <subfield code="r">2025-12-01 10:12:15</subfield>
    <subfield code="s">2025-11-10</subfield>
    <subfield code="t">7</subfield>
    <subfield code="w">2025-04-01</subfield>
    <subfield code="y">KHB</subfield>
  </datafield>
  <datafield tag="952" ind1=" " ind2=" ">
    <subfield code="0">0</subfield>
    <subfield code="1">0</subfield>
    <subfield code="2">ddc</subfield>
    <subfield code="4">0</subfield>
    <subfield code="7">0</subfield>
    <subfield code="8">KHMERNF</subfield>
    <subfield code="a">002</subfield>
    <subfield code="b">002</subfield>
    <subfield code="c">SKB</subfield>
    <subfield code="d">2025-04-01</subfield>
    <subfield code="l">1</subfield>
    <subfield code="o">LAB 920 PZ7 </subfield>
    <subfield code="p">FISSE02309</subfield>
    <subfield code="r">2026-03-31 14:57:49</subfield>
    <subfield code="s">2026-03-02</subfield>
    <subfield code="t">8</subfield>
    <subfield code="w">2025-04-01</subfield>
    <subfield code="y">KHB</subfield>
  </datafield>
</record>
